00417pab a2200145 454500008004000000100001700040245005500057260000900112300001200121362000800133650002700141650003500168650002600203773004200229180718b2001 xxu||||| |||| 00| 0 eng d aMule, Harris aChallenges to African governance and civil society c2001 ap.71-76 aMay aCivil society - Africa aPublic administration - Africa aPublic administration aPublic Administration and Development